LEADER 02124nas 2200409 n 450 001 990008923950403321 005 20240229084442.0 035 $a000892395 035 $aFED01000892395 035 $a(Aleph)000892395FED01 035 $a000892395 091 $2CNR$aP 00040198 100 $a20161109c1883uuuukm-y0itaa50------ba 101 0 $aita 102 $aIT 110 $aauu-------- 200 1 $aBollettino di notizie sul credito e sulla previdenza 207 1$a1883-0 210 $aRoma$c[s.n.] 326 $aSemestrale 440 0$12001$aBollettino di notizie sul credito e sul risparmio : Monti di pegni di seconda categoria. Statuti e trasformazioni 530 0 $aBollettino di notizie sul credito e sulla previdenza 675 $a36 712 02$aItalia.$bMinistero di agricoltura, industria e commercio 801 0$aIT$bACNP$c20090723 859 4 $uhttp://acnp.cib.unibo.it/cgi-ser/start/it/cnr/dc-p1.tcl?catno=28323&person=false&language=ITALIANO&libr=&libr_th=unina1$zBiblioteche che possiedono il periodico 901 $aSE 912 $a990008923950403321 958 $aBiblioteca Centrale della Facoltà di Giurisprudenza dell'Università di Napoli Federico II$b1907-1912;1914-1916;1918;$c1918;$ePer. est. 307 (ECO POL)$fFGBC 958 $aBiblioteca Centralizzata. Facoltà di Agraria dell'Università Federico II di Napoli$b1901-1915;$fFAGBC 959 $aFGBC 959 $aFAGBC 996 $aBollettino di notizie sul credito e sulla previdenza$9798842 997 $aUNINA AP1 8 $6866-01$aNA073 Biblioteca Centrale della Facoltà di Giurisprudenza dell'Università di Napoli Federico II$bPer. est. 307 (ECO POL)$eCorso Umberto I, 80138 Napoli (NA)$m0812537531/33$m0812537532$nit AP1 8 $6866-02$aNA087 Biblioteca Centralizzata. Facoltà di Agraria dell'Università Federico II di Napoli$ev. Università, 100 Palazzo Reale, 80055 Portici (NA)$m081-2539322$m081-7760229$nit AP2 40$aacnp.cib.unibo.it$nACNP Italian Union Catalogue of Serials$uhttp://acnp.cib.unibo.it/cgi-ser/start/it/cnr/df-p.tcl?catno=28323&language=ITALIANO&libr=&person=&B=1&libr_th=unina&proposto=NO LEADER 04605oas 22016093a 450 001 9910216945603321 005 20251106213014.0 011 $a1556-7575 035 $a(OCoLC)39369461 035 $a(CONSER) 2005214935 035 $a(CKB)963018252094 035 $a(EXLCZ)99963018252094 100 $a19980630a19919999 sy a 101 0 $aeng 135 $aur||||||||||| 181 $ctxt$2rdacontent 182 $cc$2rdamedia 183 $acr$2rdacarrier 200 00$aBrown University child and adolescent behavior letter 210 1$aProvidence, RI :$cManisses Communications Group 210 31$a[Hoboken, NJ] :$cJohn Wiley & Sons 215 $a1 online resource 300 $a"Monthly reports on the problems of children and adolescents growing up." 311 08$a1058-1073 517 1 $aChild and adolescent behavior letter 517 1 $aCABL 606 $aChild development$xResearch$vPeriodicals 606 $aChild psychology$xResearch$vPeriodicals 606 $aAdolescent psychology$xResearch$vPeriodicals 606 $aChild psychology 606 $aAdolescent Behavior$vPeriodicals 606 $aPsychology, Adolescent$vPeriodicals 606 $aPsychology, Child$vPeriodicals 606 $aChild Behavior$vPeriodicals 606 $aAdolescent Behavior 606 $aPsychology, Adolescent 606 $aPsychology, Child 606 $aChild Behavior 606 $aEnfants$xDe?veloppement$xRecherche$vPe?riodiques 606 $aEnfants$xPsychologie$xRecherche$vPe?riodiques 606 $aAdolescents$xPsychologie$xRecherche$vPe?riodiques 606 $aAdolescents$xPsychologie 606 $aEnfants$xPsychologie 606 $aChild psychology$2fast$3(OCoLC)fst00854540 606 $aAdolescent psychology$xResearch$2fast$3(OCoLC)fst00797023 606 $aChild development$xResearch$2fast$3(OCoLC)fst00854414 606 $aChild psychology$xResearch$2fast$3(OCoLC)fst00854551 606 $aDesenvolupament infantil$2thub 606 $aPsicologia de l'adolescència$2thub 606 $aPsicologia infantil$2thub 608 $aPeriodical. 608 $aperiodicals.$2aat 608 $aPeriodicals.$2fast 608 $aPeriodicals.$2lcgft 608 $aPe?riodiques.$2rvmgf 608 $aRevistes electròniques.$2thub 615 0$aChild development$xResearch 615 0$aChild psychology$xResearch 615 0$aAdolescent psychology$xResearch 615 0$aChild psychology. 615 2$aAdolescent Behavior 615 2$aPsychology, Adolescent 615 2$aPsychology, Child 615 2$aChild Behavior 615 2$aAdolescent Behavior. 615 2$aPsychology, Adolescent. 615 2$aPsychology, Child. 615 2$aChild Behavior. 615 6$aEnfants$xDe?veloppement$xRecherche 615 6$aEnfants$xPsychologie$xRecherche 615 6$aAdolescents$xPsychologie$xRecherche 615 6$aAdolescents$xPsychologie. 615 6$aEnfants$xPsychologie. 615 7$aChild psychology. 615 7$aAdolescent psychology$xResearch. 615 7$aChild development$xResearch. 615 7$aChild psychology$xResearch. 615 7$aDesenvolupament infantil. 615 7$aPsicologia de l'adolescència. 615 7$aPsicologia infantil. 676 $a362 712 02$aBrown University, 712 02$aBradley Hospital, 712 02$aManisses Communications Group, 801 0$bFQM 801 1$bFQM 801 2$bOCLCQ 801 2$bNSD 801 2$bDLM 801 2$bOCLCQ 801 2$bMUQ 801 2$bNSD 801 2$bDLC 801 2$bOCLCQ 801 2$bOCLCO 801 2$bOCLCF 801 2$bTXA 801 2$bOCLCO 801 2$bVT2 801 2$bSCB 801 2$bOCLCO 801 2$bOCLCQ 801 2$bOCLCO 801 2$bOCLCQ 801 2$bOCLCO 801 2$bZ5A 801 2$bOCLCO 801 2$bNLE 801 2$bOCLCA 801 2$bBUF 801 2$bOCLCO 801 2$bREB 801 2$bOCLCO 801 2$bOCLCQ 801 2$bU3W 801 2$bUKMGB 801 2$bOCLCQ 801 2$bOCLCO 801 2$bCNTRU 801 2$bOCLCO 801 2$bNJT 801 2$bOCLCA 801 2$bUBY 801 2$bOCLCO 801 2$bQGK 801 2$bOCLCO 801 2$bOCL 801 2$bOCLCQ 801 2$bCUS 801 2$bUAB 801 2$bSFB 801 2$bOCLCL 801 2$bOCLCQ 906 $aJOURNAL 912 $a9910216945603321 996 $aBrown University child and adolescent behavior letter$91949387 997 $aUNINA